000 002690000a22001090004500
090 _aAS
_bSeriadas
245 1 0 _aSertula Florae Colombiae II
041 0 _aEspaƱol
100 1 _aUribe Uribe, Lorenzo
_996776
942 _cARTICULO
773 1 _tCaldasia
_m1955
_h32
_q159-166
_g7
999 _c15834
_d15834